000 00479nam a2200193Ia 4500
005 20250324042520.0
008 240331s9999 xx 000 0 und d
020 _a0415039495
082 _a303.4
_bHEB
_23578
100 _aHebdige, D
245 0 _aSubculture:
_bThe Meaning of Style
260 _aLondon;
_aNew York
_bRoutledge
_c1979
300 _aix, 195 p., (C II)
650 _aCulture
650 _aCommunication
650 _aHomology
650 _aSociety
942 _cL
999 _c1216
_d1216